<?xml version="1.0" encoding="UTF-8"?>
<collection xmlns="http://www.loc.gov/MARC21/slim">
 <record>
  <leader>00799pam a22002298a 4500</leader>
  <controlfield tag="001">00025889</controlfield>
  <controlfield tag="005">20210310100318.0</controlfield>
  <controlfield tag="008">110812s1990                  ||||||viesd</controlfield>
  <datafield tag="041" ind1="0" ind2="#">
   <subfield code="a">vie</subfield>
  </datafield>
  <datafield tag="082" ind1="1" ind2="4">
   <subfield code="b">H103NG</subfield>
   <subfield code="a">428</subfield>
  </datafield>
  <datafield tag="110" ind1="1" ind2="#">
   <subfield code="a">Trung tâm ngoại ngữ sông bé</subfield>
  </datafield>
  <datafield tag="245" ind1="0" ind2="0">
   <subfield code="a">Hai ngàn câu thực hành tiếng Anh để giao tiếp để giao dịch với nước ngoài</subfield>
  </datafield>
  <datafield tag="260" ind1="#" ind2="#">
   <subfield code="c">1990</subfield>
   <subfield code="a">Sông bé</subfield>
   <subfield code="b">Tổng hợp Sông bé</subfield>
  </datafield>
  <datafield tag="300" ind1="#" ind2="#">
   <subfield code="a">125tr.</subfield>
   <subfield code="c">19cm.</subfield>
  </datafield>
  <datafield tag="653" ind1="#" ind2="#">
   <subfield code="a">giao tiếp</subfield>
  </datafield>
  <datafield tag="653" ind1="#" ind2="#">
   <subfield code="a">tự học</subfield>
  </datafield>
  <datafield tag="653" ind1="#" ind2="#">
   <subfield code="a">tiếng Anh</subfield>
  </datafield>
  <datafield tag="852" ind1="#" ind2="#">
   <subfield code="b">Kho giáo trình</subfield>
   <subfield code="j">KGT.0027639</subfield>
  </datafield>
  <datafield tag="852" ind1="#" ind2="#">
   <subfield code="j">KGT.0027639</subfield>
  </datafield>
  <datafield tag="852" ind1="#" ind2="#">
   <subfield code="b">Kho mượn</subfield>
   <subfield code="j">KGT.0027639</subfield>
  </datafield>
  <datafield tag="910" ind1="#" ind2="#">
   <subfield code="d">12/08/2011</subfield>
  </datafield>
  <datafield tag="980" ind1="#" ind2="#">
   <subfield code="a">Trung tâm Học liệu Lê Vũ Hùng, Trường Đại học Đồng Tháp</subfield>
  </datafield>
 </record>
</collection>
